Statistics for Countries with embassies and consulates in Kazakhstan

Click here to take the quiz!

General Stats

  • This quiz has been taken 60 times
  • The average score is 60 of 65

Answer Stats

ContinentCountry% Correct
South AmericaBrazil
100%
AsiaJapan
100%
AsiaKyrgyzstan
100%
Asia/ EuropeRussia
100%
AsiaTurkmenistan
100%
EuropeAustria
98%
North AmericaCanada
98%
AsiaChina
98%
EuropeFrance
98%
EuropeGermany
98%
EuropeRomania
98%
AsiaSaudi Arabia
98%
AsiaSouth Korea
98%
AsiaTajikistan
98%
EuropeUnited Kingdom
98%
North AmericaUnited States of America
98%
EuropeBelarus
96%
EuropeFinland
96%
AsiaGeorgia
96%
EuropeGreece
96%
AsiaIndia
96%
AsiaIran
96%
EuropePoland
96%
Asia/ EuropeTurkey
96%
AsiaUzbekistan
96%
AsiaArmenia
94%
AsiaAzerbaijan
94%
EuropeBelgium
94%
EuropeEstonia
94%
EuropeItaly
94%
EuropeLithuania
94%
North AmericaMexico
94%
AsiaPakistan
94%
EuropeSpain
94%
EuropeSweden
94%
AsiaAfghanistan
92%
AfricaEgypt
92%
EuropeHungary
92%
EuropeLatvia
92%
EuropeUkraine
92%
EuropeBulgaria
90%
EuropeCzech Republic
90%
AsiaMongolia
90%
AsiaUnited Arab Emirates
90%
AsiaIndonesia
88%
EuropeNorway
88%
AfricaSouth Africa
88%
EuropeSwitzerland
88%
AsiaThailand
88%
Europethe Netherlands
88%
AsiaIsrael
86%
AsiaMalaysia
86%
EuropeMoldova
86%
EuropePortugal
86%
EuropeSlovakia
86%
OceaniaAustralia
84%
AsiaOman
84%
AsiaVietnam
84%
EuropeCroatia
80%
North AmericaCuba
80%
AsiaQatar
80%
AsiaSingapore
80%
AsiaJordan
78%
AsiaLebanon
76%
AfricaEthiopia
70%

Score Distribution

Percentile by Number Answered

Percent of People with Each Score

Your Score History

You have not taken this quiz